000 00437nam a2200193Ia 4500
003 0100
008 130227s9999 xx 000 0 und d
040 _cARRUPELIB
050 _aPR6017S5G6 1945
100 _aIsherwood, Christopher
245 _aGoodbye to Berlin
260 _aHarmondsworth
260 _bPenguin Books
260 _C1945
300 _a189p.
300 _b 20cm.
650 _bPsychoanalysis
942 _2lcc
_02
999 _c5251
_d5251